Atlas universal: Chile y sus regiones, mapas históricos, países del mundo, la tierra en el sistema solar
Gorde:
| Formatua: | Liburua |
|---|---|
| Hizkuntza: | gaztelania |
| Argitaratua: |
Santiago
Antártica
1997
|
| Edizioa: | 11a. ed |
| Gaiak: | |
| Etiketak: |
Etiketa erantsi
Etiketarik gabe, Izan zaitez lehena erregistro honi etiketa jartzen!
|
MARC
| LEADER | 00000nam a2200000 a 4500 | ||
|---|---|---|---|
| 001 | UCN0512 | ||
| 003 | CL-VaPUC | ||
| 008 | 010323e19970000CL |||||||||||||||||spa|d | ||
| 082 | 0 | 4 | |a 912 |b ATL |2 21 |
| 245 | 1 | 0 | |a Atlas universal: Chile y sus regiones, mapas históricos, países del mundo, la tierra en el sistema solar |
| 250 | |a 11a. ed | ||
| 300 | |a 112 p | ||
| 942 | |c BK | ||
| 945 | |d 20010323 00:00:00 |a vberengu | ||
| 260 | |a Santiago |b Antártica |c 1997 | ||
| 500 | |a ALGUNOS EJEMPLARES EN INST.DE GEOGRAFIA POR PROY.MINEDUC | ||
| 650 | 0 | |a Atlas |9 260843 | |
| 650 | 0 | |a Mapas |9 260844 | |
| 650 | 0 | |a Geografía |9 259346 | |
| 583 | |a last modification |c 20010323 00:00:00 |k Rodrigo Vera | ||
| 999 | |c 294259 |d 294257 | ||
| 952 | |0 0 |1 0 |4 0 |6 912_000000000000000_ATL_1997 |7 0 |8 F |9 346382 |a BIBING |b BIBING |d 2019-11-20 |i 3703436 |o 912 ATL 1997 |p 3703436 |r 2025-01-20 |w 2019-11-20 |y BK_F |k GEO | ||
| 952 | |0 0 |1 2 |4 0 |6 912_000000000000000_ATL_1997 |7 0 |8 F |9 346383 |a BIBING |b BIBING |d 2019-11-20 |i 3703452 |o 912 ATL 1997 |p 3703452 |r 2019-11-20 |w 2019-11-20 |y BK_F |k GEO | ||
| 952 | |0 0 |1 2 |4 0 |6 912_000000000000000_ATL_1997 |7 0 |8 F |9 346384 |a BIBING |b BIBING |d 2019-11-20 |i 3703444 |o 912 ATL 1997 |p 3703444 |r 2019-11-20 |w 2019-11-20 |y BK_F |k GEO | ||
| 952 | |0 0 |1 2 |4 0 |6 912_000000000000000_ATL_1997 |7 0 |8 F |9 346385 |a BIBING |b BIBING |d 2019-11-20 |i 3703460 |o 912 ATL 1997 |p 3703460 |r 2019-11-20 |w 2019-11-20 |y BK_F |k GEO | ||
| 952 | |0 0 |1 0 |4 0 |6 912_000000000000000_ATL_1997 |7 0 |8 F |9 346386 |a BIBING |b BIBING |d 2019-11-20 |i 3703479 |o 912 ATL 1997 |p 3703479 |r 2025-01-20 |w 2019-11-20 |y BK_F |k GEO | ||
| 952 | |0 0 |1 0 |4 0 |6 912_000000000000000_ATL_1997 |7 0 |8 F |9 346387 |a BIBING |b BIBING |d 2019-11-20 |i 3703487 |l 2 |o 912 ATL 1997 |p 3703487 |r 2025-01-20 |s 2024-11-13 |w 2019-11-20 |y BK_F |k GEO | ||